| 000 | 01160nam a22004097a 4500 | ||
|---|---|---|---|
| 001 | 0005606 | ||
| 003 | KOHA_MİRAKIL | ||
| 005 | 20260207001451.0 | ||
| 007 | ta | ||
| 008 | 090617b1999 tu |||gr||||#0|||0|tur | | ||
| 020 | _c0,01 | ||
| 040 |
_aTR-BiSEU _btur _cTR-BiSEU _erda |
||
| 041 | 0 | _atur | |
| 044 | _ctu | ||
| 050 |
_aQK47 _b.G47 1999 |
||
| 100 | 1 | _aGerçek, Ziya. | |
| 245 | 1 |
_aGenel botanik/ _cZiya Gerçek ; Ziya Gerçek. |
|
| 264 | 1 |
_aTrabzon : _bKaradeniz Teknik Üniversitesi _c1999 |
|
| 300 | _a356 sayfa: resimli; 24 cm. | ||
| 336 |
_ametin _btxt _2rdacontent |
||
| 337 |
_aaracısız _bn _2rdamedia |
||
| 338 |
_acilt _bnc _2rdacarrier |
||
| 490 | 1 | _aKaradeniz Teknik Üniversitesi. | |
| 490 | 1 |
_aOrman Fakültesi Genel yayın ; _vNo. |
|
| 490 | 1 | _a160. | |
| 490 | 1 |
_aFakülte yayın ; _vNo. |
|
| 490 | 1 | _a18. | |
| 650 | 0 |
_aBotanik. _93780 |
|
| 650 | 0 |
_aBotany. _93781 |
|
| 830 | 1 |
_aKaradeniz Teknik Üniversitesi. _913534 |
|
| 830 | 1 |
_aOrman Fakültesi Genel yayın ; _vNo. _913535 |
|
| 830 | 1 |
_a160. _913536 |
|
| 830 | 1 |
_aFakülte yayın ; _vNo. _912737 |
|
| 830 | 1 |
_a18. _913537 |
|
| 907 | _aBilim | ||
| 942 |
_2lcc _cBK |
||
| 999 |
_c5587 _d5587 |
||